[Event "Xtracon Chess Open 2016"]
[Site "Elsinore"]
[Date "2016.07.31"]
[Round "10.27"]
[White "Akdag, Dara Sevkan"]
[Black "Haubro, Martin"]
[Result "0-1"]
[WhiteElo "2213"]
[BlackElo "2370"]
[PlyCount "56"]
[EventDate "2016.07.23"]

1. d4 Nf6 2. c4 e6 3. Nf3 b6 4. g3 Bb7 5. Bg2 Be7 6. Nc3 Ne4 7. Qd3 Nxc3 8.
Qxc3 O-O 9. O-O f5 10. Ne5 Bxg2 11. Kxg2 Bf6 12. Qf3 Na6 13. Qa3 d6 14. Nd3 Qc8
15. Be3 c5 16. d5 e5 17. Rab1 Nc7 18. b4 e4 19. Nf4 g5 20. Nh5 f4 21. gxf4 Qg4+
22. Ng3 gxf4 23. f3 exf3+ 24. exf3 Qh4 25. bxc5 fxg3 26. hxg3 Qxc4 27. Rbc1
Qxd5 28. Rfd1 Qxf3+ 0-1

[Event "Xtracon Chess Open 2016"]
[Site "Elsinore"]
[Date "2016.07.31"]
[Round "10.28"]
[White "Rosenkilde, Alexander"]
[Black "Dauth, Benjamin"]
[Result "1-0"]
[WhiteElo "2211"]
[BlackElo "2367"]
[PlyCount "85"]
[EventDate "2016.07.23"]

1. d4 Nf6 2. c4 g6 3. Nc3 d5 4. cxd5 Nxd5 5. e4 Nxc3 6. bxc3 Bg7 7. Bc4 O-O 8.
Ne2 c5 9. O-O Nc6 10. Be3 cxd4 11. cxd4 Na5 12. Bd3 Be6 13. d5 Bxa1 14. Qxa1 f6
15. Rd1 Bf7 16. Bh6 Qd7 17. Bxf8 Rxf8 18. Qd4 b6 19. Ba6 Nb7 20. Bxb7 Qxb7 21.
e5 Rd8 22. Nc3 fxe5 23. Qxe5 b5 24. h4 b4 25. Ne4 b3 26. axb3 Qxb3 27. Rc1 Qa3
28. Rc7 Bxd5 29. Rxe7 Bf7 30. Nf6+ Kf8 31. Nxh7+ Kg8 32. Ng5 Qa4 33. Qg3 Rd1+
34. Kh2 Rd7 35. Re4 Qc6 36. Qb8+ Kg7 37. Rf4 Qc7 38. Qb2+ Kg8 39. Qf6 a5 40. g3
Qa7 41. h5 gxh5 42. Qh6 a4 43. Ne6 1-0

[Event "Xtracon Chess Open 2016"]
[Site "Elsinore"]
[Date "2016.07.31"]
[Round "10.29"]
[White "Sowray, Peter J"]
[Black "Solberg, Joachim"]
[Result "1-0"]
[WhiteElo "2348"]
[BlackElo "2211"]
[PlyCount "85"]
[EventDate "2016.07.23"]

1. e4 c5 2. Nf3 e6 3. g3 d5 4. exd5 exd5 5. d4 Nf6 6. Bg2 Be7 7. O-O O-O 8.
dxc5 Bxc5 9. Nc3 Nc6 10. Bg5 Be6 11. Qd3 Be7 12. Rad1 Qb6 13. Qb5 Rfd8 14. Be3
Qc7 15. Bf4 Bd6 16. Bxd6 Rxd6 17. Qd3 Qb6 18. Qb5 Qc7 19. Nd4 Nxd4 20. Rxd4 Rb6
21. Qd3 Rxb2 22. Nxd5 Nxd5 23. Bxd5 Bxd5 24. Rxd5 Rxc2 25. Rd7 Qc5 26. Rxb7 Rf8
27. Qa6 Ra8 28. a4 h6 29. Rxf7 Qc6 30. Qxc6 Rxc6 31. Rf4 Rac8 32. Rd1 Rc1 33.
Rxc1 Rxc1+ 34. Kg2 Rc3 35. h4 h5 36. Rf5 g6 37. Rf6 Kg7 38. Ra6 Rc7 39. Kf3 Re7
40. Kf4 Kh6 41. a5 Kg7 42. Rd6 Re2 43. Rd7+ 1-0

[Event "Xtracon Chess Open 2016"]
[Site "Elsinore"]
[Date "2016.07.31"]
[Round "10.30"]
[White "Rossen, Claus"]
[Black "Percivaldi, Martin"]
[Result "0-1"]
[WhiteElo "2199"]
[BlackElo "2347"]
[PlyCount "78"]
[EventDate "2016.07.23"]

1. d4 Nf6 2. c4 e6 3. Nf3 b6 4. Nc3 Bb4 5. Qc2 c5 6. a3 Ba5 7. dxc5 bxc5 8. Bg5
h6 9. Bh4 O-O 10. O-O-O Bb7 11. Ne5 Bxc3 12. Qxc3 Ne4 13. Qh3 Qc7 14. Nd3 d5
15. f3 dxc4 16. fxe4 cxd3 17. exd3 Nc6 18. Qg3 Qxg3 19. Bxg3 Nd4 20. Be5 Rac8
21. Kb1 Rfd8 22. Bxd4 Rxd4 23. Be2 c4 24. dxc4 Bxe4+ 25. Ka2 Rxd1 26. Rxd1 Bxg2
27. Rd7 f5 28. Kb3 e5 29. Bh5 Rf8 30. Bg6 f4 31. c5 f3 32. Be4 Bh3 33. Bd5+ Kh8
34. Re7 f2 35. Bc4 f1=Q 36. Bxf1 Rxf1 37. Rxe5 Rc1 38. Re3 Bg2 39. Kb4 g5 0-1

[Event "Xtracon Chess Open 2016"]
[Site "Elsinore"]
[Date "2016.07.31"]
[Round "10.31"]
[White "Petersen, Tom Petri"]
[Black "Thogersen, Rasmus"]
[Result "1/2-1/2"]
[WhiteElo "2346"]
[BlackElo "2205"]
[PlyCount "0135"]
[EventDate "2016.07.23"]

1. Nf3 Nf6 2. c4 g6 3. Nc3 Bg7 4. g3 O-O 5. Bg2 d6 6. O-O e5 7. d3 Nc6 8. Rb1
a5 9. a3 Bg4 10. h3 Be6 11. e4 h6 12. b4 axb4 13. axb4 Qd7 14. Kh2 Nh5 15. Nd5
Ra2 16. Qb3 Rfa8 17. b5 Ne7 18. b6 c6 19. Nc7 R8a5 20. Bb2 Nc8 21. Ra1 Rxa1 22.
Bxa1 c5 23. Bc3 Ra4 24. Ng1 Bf6 25. Bf3 Qc6 26. Rb1 Bd8 27. Bd1 Nxb6 28. Qxb6
Qxb6 29. Rxb6 Ra7 30. Nd5 Bxb6 31. Nxb6 Ra3 32. Ne2 f5 33. Kg2 Nf6 34. f3 fxe4
35. fxe4 Ra6 36. Na4 Bd7 37. Nb2 b5 38. cxb5 Bxb5 39. Bb3+ Kf8 40. Bc4 Bxc4 41.
Nxc4 Ke7 42. Kf3 Ke6 43. Bd2 h5 44. Nc3 Ra1 45. Bg5 d5 46. exd5+ Nxd5 47. Ne4
Nb4 48. Nxc5+ Kd5 49. Nb3 Rh1 50. Ne3+ Kd6 51. d4 Nd3 52. Nc4+ Kd5 53. Nxe5
Nxe5+ 54. dxe5 Kxe5 55. Bf4+ Kf6 56. h4 Re1 57. Nd4 Re8 58. Bd6 Re1 59. Bf4 Re8
60. Nc2 Ra8 61. Ne3 Ra3 62. Bd6 Ra6 63. Bb4 g5 64. hxg5+ Kxg5 65. Kg2 Re6 66.
Bd2 h4 67. Nf1+ Kh5 68. gxh4 1/2-1/2

[Event "Xtracon Chess Open 2016"]
[Site "Elsinore"]
[Date "2016.07.31"]
[Round "10.32"]
[White "Flick, Antoine"]
[Black "Rewitz, Poul"]
[Result "1-0"]
[WhiteElo "2318"]
[BlackElo "2202"]
[PlyCount "97"]
[EventDate "2016.07.23"]

1. d4 g6 2. Nf3 Bg7 3. g3 f5 4. Bg2 Nf6 5. O-O O-O 6. c4 d6 7. Nc3 c6 8. Re1
Nh5 9. e4 f4 10. Ne2 fxg3 11. hxg3 Nd7 12. Bg5 Ndf6 13. Nc3 Ng4 14. Qd2 Rf7 15.
Rf1 Qf8 16. Nh2 Nxh2 17. Kxh2 Bg4 18. Be3 Re8 19. Rab1 e6 20. b4 Bf3 21. Rbc1
b6 22. Bxf3 Rxf3 23. Kg2 c5 24. dxc5 dxc5 25. bxc5 Be5 26. Qe2 Rf7 27. cxb6
axb6 28. Nb5 Qe7 29. Rcd1 Qb7 30. Bg5 Rf5 31. Bc1 Ref8 32. Nd6 Bxd6 33. Rxd6
Re5 34. Re1 Qc7 35. Red1 Nf6 36. f3 Nd5 37. cxd5 Qxd6 38. Bf4 Rxf4 39. gxf4 Rh5
40. e5 Qd8 41. d6 Rf5 42. Qc4 Qd7 43. Qc7 Rf7 44. Qxd7 Rxd7 45. Rc1 Kf7 46. Rc8
b5 47. a3 h6 48. Kg3 h5 49. Kh4 1-0

[Event "Xtracon Chess Open 2016"]
[Site "Elsinore"]
[Date "2016.07.31"]
[Round "10.33"]
[White "Matthiesen, Martin"]
[Black "Ivarsson, Torbjorn"]
[Result "0-1"]
[WhiteElo "2316"]
[BlackElo "2180"]
[PlyCount "172"]
[EventDate "2016.07.23"]

1. d4 e6 2. c4 b6 3. e4 Bb7 4. Bd3 Bb4+ 5. Bd2 Bxd2+ 6. Nxd2 Nc6 7. Ngf3 Qf6 8.
e5 Qf4 9. g3 Qh6 10. O-O Nge7 11. Qe2 O-O 12. Qe3 Qh5 13. Be2 Qg4 14. Nb3 Nf5
15. Qd3 Qg6 16. Rad1 f6 17. exf6 Qxf6 18. Qc3 Rae8 19. Bd3 d6 20. Bb1 Qh6 21.
Be4 Rf6 22. d5 Nd8 23. Nbd4 Nxd4 24. Nxd4 e5 25. Nb5 Qh5 26. Rde1 Rh6 27. h4
Rf8 28. Kg2 Bc8 29. f3 g5 30. g4 Qf7 31. hxg5 Rh4 32. Rh1 Rxg4+ 33. Kf2 Bf5 34.
Bxf5 Qxf5 35. Nxc7 e4 36. Ne6 Nxe6 37. dxe6 Rf4 38. Re3 Qxe6 39. Qd4 Rxf3+ 40.
Rxf3 Rxf3+ 41. Ke1 Rd3 42. Qf6 Qxf6 43. gxf6 a6 44. Rh4 Rd4 45. b3 b5 46. cxb5
axb5 47. f7+ Kxf7 48. Rxh7+ Ke6 49. Rb7 b4 50. Ke2 d5 51. Rb6+ Ke5 52. Rb8 Kd6
53. Rb7 Kc5 54. Rc7+ Kb6 55. Rc8 Rd3 56. Rb8+ Kc5 57. Rc8+ Kd4 58. Rb8 Kc3 59.
Rc8+ Kb2 60. Rb8 Kxa2 61. Rxb4 Rxb3 62. Rd4 Rb5 63. Ke3 Kb3 64. Rd1 Kc2 65.
Rd2+ Kc1 66. Rd4 Ra5 67. Rd2 Rc5 68. Rd4 Kc2 69. Rd2+ Kc3 70. Rd1 Kc4 71. Ra1
Rc6 72. Ra5 d4+ 73. Kxe4 Re6+ 74. Kf5 Re8 75. Ra7 Kd3 76. Kf4 Rf8+ 77. Kg3 Kd2
78. Ra2+ Ke3 79. Ra7 Rg8+ 80. Kh2 d3 81. Re7+ Kd2 82. Rd7 Ke2 83. Re7+ Kd1 84.
Rd7 d2 85. Rd6 Rc8 86. Kg2 Kc2 0-1

[Event "Xtracon Chess Open 2016"]
[Site "Elsinore"]
[Date "2016.07.31"]
[Round "10.34"]
[White "Nielsen, Hogni Egilstoft"]
[Black "Andersen, Morten"]
[Result "1/2-1/2"]
[WhiteElo "2301"]
[BlackElo "2173"]
[PlyCount "93"]
[EventDate "2016.07.23"]

1. e4 c5 2. Nf3 d6 3. Bb5+ Bd7 4. Bxd7+ Qxd7 5. c4 Nc6 6. d4 cxd4 7. Nxd4 g6 8.
Nc3 Bg7 9. Be3 Nf6 10. f3 O-O 11. O-O a6 12. a4 e6 13. Rb1 Rfc8 14. Nde2 Ne5
15. b3 Qe7 16. Qd2 Ne8 17. Rfd1 Nc6 18. Bb6 Bf8 19. Qe1 Nf6 20. Qg3 Nd7 21. Be3
Qf6 22. Bf4 Nde5 23. Bg5 Qg7 24. f4 Nd7 25. e5 f6 26. exf6 Nxf6 27. Qe3 Re8 28.
Bxf6 Qxf6 29. Ne4 Qd8 30. Kh1 d5 31. Ng5 Qe7 32. Nd4 Nxd4 33. Qxd4 Bg7 34. Qb6
d4 35. Re1 d3 36. Rxe6 Qd7 37. Rd6 Qf5 38. Rd1 Qxf4 39. Nf3 Re2 40. Rd8+ Rxd8
41. Qxd8+ Bf8 42. Qd5+ Qf7 43. Qxf7+ Kxf7 44. Rxd3 b6 45. h3 Bc5 46. Kh2 h6 47.
Kg3 1/2-1/2

[Event "Xtracon Chess Open 2016"]
[Site "Elsinore"]
[Date "2016.07.31"]
[Round "10.35"]
[White "Brorsen, Jacob Abildlund"]
[Black "Bach, Matthias"]
[Result "1-0"]
[WhiteElo "2112"]
[BlackElo "2296"]
[PlyCount "87"]
[EventDate "2016.07.23"]

1. d4 Nf6 2. Nf3 g6 3. g3 Bg7 4. Bg2 O-O 5. c4 d6 6. O-O c6 7. Nc3 Qc7 8. e4 e5
9. d5 Bg4 10. h3 Bxf3 11. Qxf3 Nbd7 12. Be3 c5 13. h4 a6 14. Bh3 Kh8 15. Kh1
Rab8 16. a4 Ng8 17. h5 Bh6 18. Nd1 f5 19. exf5 gxf5 20. Bxf5 Rbe8 21. g4 e4 22.
Qg3 Ne5 23. Bxe4 Nxc4 24. Bxh6 Nxh6 25. Qc3+ Ne5 26. Ne3 Qg7 27. f3 Rf4 28. Ng2
Rxe4 29. fxe4 Qxg4 30. Rf4 Qg5 31. Raf1 Rg8 32. Qh3 Nhg4 33. Qh4 Qg7 34. Qh3
Qg5 35. Qh4 Qg7 36. Qh3 Qg5 37. b3 Nd3 38. Rf5 Qd2 39. Qf3 Nde5 40. Qf4 Qd3 41.
Rf8 Qh3+ 42. Kg1 Nd7 43. Rxg8+ Kxg8 44. Qf7+ 1-0

[Event "Xtracon Chess Open 2016"]
[Site "Elsinore"]
[Date "2016.07.31"]
[Round "10.36"]
[White "Johansen, Oivind"]
[Black "Haldorsen, Benjamin"]
[Result "1/2-1/2"]
[WhiteElo "2180"]
[BlackElo "2283"]
[PlyCount "106"]
[EventDate "2016.07.23"]

1. d4 d5 2. c4 dxc4 3. Nf3 Nf6 4. e3 e6 5. Bxc4 a6 6. O-O c5 7. dxc5 Bxc5 8. a3
O-O 9. b4 Be7 10. Bb2 Nbd7 11. Nd4 Ne5 12. Bb3 Ng6 13. Nc3 Bd7 14. Qc2 Rc8 15.
Rfd1 Qc7 16. Rac1 Qb8 17. Qe2 h6 18. Nf3 Rfd8 19. h3 e5 20. Nd2 Bc6 21. Bc2 Nh4
22. Nde4 Nd5 23. f3 Nf5 24. Nxd5 Rxd5 25. Nf6+ Bxf6 26. Bxf5 Rcd8 27. Bc2 Qa7
28. Bb3 Bb5 29. Qe1 Rxd1 30. Rxd1 Qb6 31. Rxd8+ Qxd8 32. Qd1 Qb6 33. Kf2 Qc7
34. Qd5 Bh4+ 35. g3 Bf6 36. h4 Bc6 37. Qc4 Qd7 38. Bc3 h5 39. e4 g6 40. Kg2 Kg7
41. Qc5 Qd3 42. Qc4 Qxc4 43. Bxc4 Kf8 44. Kf2 Ke7 45. Bd2 Bg7 46. Be3 f5 47.
Bg5+ Ke8 48. exf5 gxf5 49. Be6 Bd7 50. Bd5 Bc6 51. Be6 Bd7 52. Bd5 Bc6 53. Be6
Bd7 1/2-1/2

[Event "Xtracon Chess Open 2016"]
[Site "Elsinore"]
[Date "2016.07.31"]
[Round "10.37"]
[White "Kramer, Julian"]
[Black "Johansen, Paul"]
[Result "1-0"]
[WhiteElo "2341"]
[BlackElo "2077"]
[PlyCount "113"]
[EventDate "2016.07.23"]

1. Nf3 Nf6 2. g3 g6 3. Bg2 Bg7 4. O-O O-O 5. d4 d5 6. c4 dxc4 7. Na3 c6 8. Nxc4
Nbd7 9. b3 Nb6 10. Nce5 h6 11. Re1 Nbd5 12. Bb2 Ne4 13. Qc2 Ndf6 14. Nd3 Ng5
15. Nxg5 hxg5 16. Rad1 Qd6 17. e4 Ne8 18. Nc5 Qc7 19. e5 Bf5 20. Qc1 g4 21. e6
Nf6 22. exf7+ Rxf7 23. Ne6 Bxe6 24. Rxe6 Qa5 25. d5 cxd5 26. Bxf6 Bxf6 27. Bxd5
Rd8 28. Qc4 Kg7 29. b4 Qa4 30. Qxg4 Rff8 31. Kg2 Rh8 32. Rd3 Rh5 33. Bc6 Qxc6+
34. Rxc6 Rxd3 35. Rc2 Rd4 36. Qc8 Rxb4 37. Rc7 Rb2 38. Rxb7 Rxa2 39. Qe6 Raa5
40. Rb8 Rh8 41. Rxh8 Kxh8 42. Qf7 g5 43. Kh3 g4+ 44. Kxg4 Rg5+ 45. Kf3 Rg7 46.
Qe8+ Rg8 47. Qh5+ Kg7 48. Qg4+ Kf7 49. Qc4+ Kg7 50. Qc7 Ra8 51. Qb7 Rf8 52. Kg2
a5 53. Qa7 Bc3 54. Qxe7+ Rf7 55. Qg5+ Kh7 56. Qh4+ Kg7 57. Qg4+ 1-0

[Event "Xtracon Chess Open 2016"]
[Site "Elsinore"]
[Date "2016.07.31"]
[Round "10.38"]
[White "Buchal, Stephan"]
[Black "Mardell, Jimmy"]
[Result "1/2-1/2"]
[WhiteElo "2338"]
[BlackElo "2112"]
[PlyCount "49"]
[EventDate "2016.07.23"]

1. c4 Nf6 2. g3 c5 3. Bg2 d5 4. cxd5 Nxd5 5. Nc3 Nc7 6. Qb3 Nc6 7. Bxc6+ bxc6
8. Qa4 Bd7 9. Nf3 f6 10. d3 e5 11. O-O Be7 12. Ne4 Ne6 13. Be3 Nd4 14. Bxd4
cxd4 15. Rfc1 O-O 16. Nc5 Bxc5 17. Rxc5 Qb6 18. b4 Rfb8 19. a3 a5 20. Rxa5 Rxa5
21. bxa5 Qb5 22. Qxb5 Rxb5 23. Nd2 Be6 24. Rc1 Rxa5 25. Rxc6 1/2-1/2

[Event "Xtracon Chess Open 2016"]
[Site "Elsinore"]
[Date "2016.07.31"]
[Round "10.39"]
[White "Vestby Ellingsen, Mads"]
[Black "Haug, Johannes"]
[Result "0-1"]
[WhiteElo "2126"]
[BlackElo "2318"]
[PlyCount "120"]
[EventDate "2016.07.23"]

1. d4 Nf6 2. c4 e6 3. Nf3 b6 4. a3 Ba6 5. Qc2 c5 6. d5 exd5 7. cxd5 g6 8. Nc3
Bg7 9. g3 O-O 10. Bg2 d6 11. O-O Nbd7 12. Bf4 Qe7 13. Rfe1 h6 14. e4 Ng4 15.
Rad1 Nge5 16. Nxe5 Nxe5 17. Kh1 Bc8 18. Bxe5 Qxe5 19. f4 Qh5 20. Rd2 Bd7 21.
Qd3 a6 22. Bf3 Bg4 23. Bxg4 Qxg4 24. e5 dxe5 25. fxe5 Rfe8 26. e6 fxe6 27. dxe6
Bd4 28. Rde2 Kg7 29. Re4 Qg5 30. Rf1 Rf8 31. Kg2 Rxf1 32. Qxf1 Rf8 33. e7 Rxf1
34. Kxf1 Qf5+ 35. Ke2 Qxe4+ 36. Nxe4 Kf7 37. Nd6+ Kxe7 38. Nc8+ Ke6 39. Nxb6
Bxb2 40. a4 h5 41. h3 Be5 42. g4 hxg4 43. hxg4 Bc7 44. Nc4 Kd5 45. Kd3 g5 46.
Ne3+ Ke5 47. Kc4 Bd6 48. Nd5 Ke4 49. a5 Kf3 50. Nf6 Bc7 51. Nd7 Bxa5 52. Nxc5
Kxg4 53. Kd3 Bc7 54. Nxa6 Bd6 55. Ke4 Kh3 56. Kd5 g4 57. Kxd6 g3 58. Nb4 g2 59.
Nd3 g1=Q 60. Nf4+ Kg4 0-1

[Event "Xtracon Chess Open 2016"]
[Site "Elsinore"]
[Date "2016.07.31"]
[Round "10.40"]
[White "Klings, Peter"]
[Black "Kovachev, Daniel Jacobsen"]
[Result "1/2-1/2"]
[WhiteElo "2133"]
[BlackElo "2315"]
[PlyCount "62"]
[EventDate "2016.07.23"]

1. Nf3 d5 2. g3 c6 3. Bg2 Bf5 4. O-O e6 5. d3 Nf6 6. b3 h6 7. Bb2 Be7 8. Nbd2
O-O 9. c4 a5 10. a3 Nbd7 11. Qc2 Bh7 12. Rac1 Bd6 13. Rce1 Qe7 14. Qc1 e5 15.
e4 dxe4 16. Nxe4 Nxe4 17. dxe4 Nc5 18. Qc2 f5 19. Nd2 f4 20. b4 axb4 21. axb4
Ne6 22. c5 Bc7 23. Nf3 Ng5 24. Qc3 Nxf3+ 25. Bxf3 g5 26. Bg4 Bg6 27. Rd1 Rad8
28. Qc4+ Bf7 29. Qe2 Rxd1 30. Rxd1 Rd8 31. Bf5 Rxd1+ 1/2-1/2

[Event "Xtracon Chess Open 2016"]
[Site "Elsinore"]
[Date "2016.07.31"]
[Round "10.41"]
[White "Fossan, Petter"]
[Black "Laustsen, Lars"]
[Result "1-0"]
[WhiteElo "2303"]
[BlackElo "2118"]
[PlyCount "57"]
[EventDate "2016.07.23"]

1. e4 c5 2. Nc3 d6 3. Nge2 Nf6 4. d4 cxd4 5. Nxd4 a6 6. f4 e5 7. Nf3 Nbd7 8.
Bd3 Be7 9. O-O O-O 10. a4 exf4 11. Kh1 Nh5 12. Nd5 Ndf6 13. Nxf4 Bg4 14. Qe1
Rc8 15. Nd4 Nd7 16. Nd5 Ne5 17. Ra3 Be6 18. Nxe7+ Qxe7 19. Be2 Nf6 20. Bg5 Ned7
21. Qh4 Bc4 22. Rg3 Kh8 23. Bd3 Bxd3 24. cxd3 Qe5 25. Nf5 Qxb2 26. Nxg7 Rg8 27.
Nf5 Rxg5 28. Qxg5 Rg8 29. Qc1 1-0

[Event "Xtracon Chess Open 2016"]
[Site "Elsinore"]
[Date "2016.07.31"]
[Round "10.42"]
[White "Rostgaard, Tobias Valentin"]
[Black "Andersen, Rune"]
[Result "1/2-1/2"]
[WhiteElo "2287"]
[BlackElo "2100"]
[PlyCount "85"]
[EventDate "2016.07.23"]

1. c4 e5 2. g3 g6 3. d4 exd4 4. Qxd4 Qf6 5. Qxf6 Nxf6 6. Nc3 Bg7 7. Bg2 d6 8.
Nb5 Kd8 9. Nf3 Re8 10. Bf4 Nc6 11. Rd1 a6 12. Nbd4 Bd7 13. c5 d5 14. Nxc6+ bxc6
15. Ne5 Re7 16. Nxd7 Nxd7 17. Rd2 Nxc5 18. O-O Ne6 19. Be3 Rb8 20. Rc1 d4 21.
f4 c5 22. Bf2 Rd7 23. Be4 Rb6 24. Bd3 c6 25. Bc4 Nc7 26. Bb3 Bf8 27. e3 Nb5 28.
Bc4 Nd6 29. Bd3 c4 30. Bxc4 Nxc4 31. Rxc4 dxe3 32. Bxe3 Rxd2 33. Bxb6+ Kd7 34.
Bd4 Bd6 35. Bc3 Re2 36. Ra4 h5 37. h3 Bc5+ 38. Kh1 Rf2 39. Rxa6 Rf1+ 40. Kg2
Rf2+ 41. Kh1 Rf1+ 42. Kg2 Rf2+ 43. Kh1 1/2-1/2

[Event "Xtracon Chess Open 2016"]
[Site "Elsinore"]
[Date "2016.07.31"]
[Round "10.43"]
[White "Nielsen, Thomas Bach"]
[Black "Larsen, Peter"]
[Result "1/2-1/2"]
[WhiteElo "2103"]
[BlackElo "2265"]
[PlyCount "133"]
[EventDate "2016.07.23"]

1. d4 d5 2. c4 c6 3. cxd5 cxd5 4. Nf3 Nf6 5. Nc3 Nc6 6. Bf4 Bf5 7. e3 e6 8. Ne5
Bd6 9. Bb5 Bxe5 10. Bxc6+ bxc6 11. Bxe5 Ne4 12. g4 Qh4 13. Nxe4 Bxe4 14. Rg1
O-O 15. Bg3 Qd8 16. f3 Qa5+ 17. Kf2 Bg6 18. h4 f6 19. h5 Be8 20. Qe1 Qb6 21.
Qc3 Rd8 22. b4 f5 23. Be5 Rd7 24. h6 fxg4 25. Rxg4 Bh5 26. hxg7 Rf5 27. Rf4
Rdf7 28. Rc1 Qd8 29. Qxc6 Rxf4 30. exf4 Qh4+ 31. Ke3 Re7 32. Rf1 Qh3 33. Rf2
Qh1 34. Qc8+ Re8 35. Qc3 Bg6 36. Ke2 h5 37. Qe1 Qh3 38. Qg1 Kh7 39. Qg5 Rc8 40.
g8=Q+ Rxg8 41. Qe7+ Kh6 42. Bf6 h4 43. Bxh4 Rc8 44. Bg5+ Kh5 45. f5 exf5 46.
Bf4 Re8 47. Qxe8 Bxe8 48. Rh2 Bb5+ 49. Ke3 Qxh2 50. Bxh2 Kg5 51. Bc7 a6 52.
Bd8+ Kg6 53. Kf4 Be2 54. a4 Kf7 55. Kxf5 Ke8 56. Bg5 Bxf3 57. Ke6 Bg4+ 58. Kxd5
Bd7 59. b5 axb5 60. a5 b4 61. a6 Bc8 62. a7 Bb7+ 63. Kd6 b3 64. Bc1 Kd8 65. d5
Kc8 66. Bb2 Bxd5 67. Kxd5 1/2-1/2

[Event "Xtracon Chess Open 2016"]
[Site "Elsinore"]
[Date "2016.07.31"]
[Round "10.44"]
[White "Lercel, Michal"]
[Black "Kistrup, Nicolai"]
[Result "1-0"]
[WhiteElo "2265"]
[BlackElo "2089"]
[PlyCount "96"]
[EventDate "2016.07.23"]

1. Nf3 c5 2. c4 g6 3. g3 Bg7 4. Bg2 Nc6 5. O-O e6 6. Nc3 Nge7 7. d3 O-O 8. Bd2
d5 9. a3 b6 10. Rb1 Bb7 11. b4 cxb4 12. axb4 dxc4 13. dxc4 Qd7 14. Qc1 Nf5 15.
Rd1 Ncd4 16. Nxd4 Nxd4 17. Bxb7 Qxb7 18. Bh6 Bxh6 19. Qxh6 Rfd8 20. Qf4 Nf5 21.
Ne4 Qb8 22. Qg5 h6 23. Qf6 Nd6 24. Nxd6 Rxd6 25. Qe7 Rd8 26. c5 Re8 27. Qf6
bxc5 28. Rd7 Rf8 29. Rbd1 cxb4 30. Re7 b3 31. Rdd7 b2 32. Qxg6+ Kh8 33. Qxh6+
Kg8 34. Qg6+ Kh8 35. Rb7 Qe5 36. Rxf7 Rxf7 37. Rxf7 b1=Q+ 38. Qxb1 Qh5 39. Re7
Qh6 40. Qb2+ Kg8 41. Qb3 Qc1+ 42. Kg2 Qc6+ 43. f3 Qd5 44. Qc3 Qg5 45. Rxe6 Rf8
46. Re4 Qd8 47. Rg4+ Kf7 48. Qg7+ Ke6 49. Re4+ 1-0

[Event "Xtracon Chess Open 2016"]
[Site "Elsinore"]
[Date "2016.07.31"]
[Round "10.45"]
[White "Lenaerts, Lennert"]
[Black "Holleland, Sigve"]
[Result "1-0"]
[WhiteElo "2259"]
[BlackElo "2087"]
[PlyCount "83"]
[EventDate "2016.07.23"]

1. d4 d5 2. c4 dxc4 3. Nf3 Nf6 4. e3 Bg4 5. Bxc4 e6 6. h3 Bh5 7. Nc3 Be7 8. O-O
O-O 9. b3 c5 10. d5 exd5 11. Nxd5 Nxd5 12. Qxd5 Qxd5 13. Bxd5 Nc6 14. Bxc6 bxc6
15. Ba3 Rfd8 16. Rfd1 a5 17. Rxd8+ Rxd8 18. Rc1 Bxf3 19. gxf3 Rd2 20. Bxc5 Bxc5
21. Rxc5 Rxa2 22. Rxc6 g6 23. Kg2 a4 24. bxa4 Rxa4 25. f4 Kf8 26. f3 Ra2+ 27.
Kg3 Kg7 28. e4 h5 29. Rc5 Kf6 30. h4 Ra6 31. f5 Rb6 32. Kf4 Ra6 33. e5+ Ke7 34.
Rc7+ Kf8 35. Rc8+ Ke7 36. f6+ Ke6 37. Re8+ Kd5 38. Re7 Ra4+ 39. Kg3 Ra6 40. Kf4
Ra4+ 41. Kg5 Ra1 42. e6 1-0

[Event "Xtracon Chess Open 2016"]
[Site "Elsinore"]
[Date "2016.07.31"]
[Round "10.46"]
[White "Fossan, Andreas"]
[Black "Jacobsen, Mikkel Manosri"]
[Result "0-1"]
[WhiteElo "2071"]
[BlackElo "2245"]
[PlyCount "116"]
[EventDate "2016.07.23"]

1. d4 Nf6 2. c4 e6 3. Nc3 d5 4. cxd5 exd5 5. Bg5 Be7 6. Qc2 O-O 7. e3 Nbd7 8.
Bd3 a6 9. Nge2 b6 10. O-O Bb7 11. Rac1 h6 12. Bh4 Re8 13. a3 c5 14. dxc5 bxc5
15. Qa4 Qb6 16. Bg3 Bc6 17. Qc2 Qb7 18. f3 c4 19. Bf5 Bc5 20. Bf2 Rab8 21. Nd1
Nb6 22. b4 Ba4 23. Qd2 Bd6 24. Ndc3 Rbd8 25. Rfe1 Bb3 26. Bg3 Bf8 27. Nd4 g6
28. Bb1 Bg7 29. Bf2 a5 30. bxa5 Nbd7 31. Nxb3 cxb3 32. Na4 Bf8 33. Qb2 Qb5 34.
Nc3 Qxa5 35. a4 Nc5 36. Red1 Bg7 37. Qd2 Nxa4 38. Ne4 Qxd2 39. Nxf6+ Bxf6 40.
Rxd2 Rc8 41. Rcd1 b2 42. Bd3 Rc1 43. g3 Nc3 44. Re1 Rxe3 45. Bxe3 Rxe1+ 46. Kf2
b1=Q 47. Bxb1 Rxb1 48. Bxh6 Rb2 49. Rxb2 Nd1+ 50. Ke2 Nxb2 51. Bc1 Bc3 52. f4
Kg7 53. g4 f5 54. Kf3 Nc4 55. h4 Be1 56. h5 gxh5 57. gxh5 Kh6 58. Ke2 Bc3 0-1

[Event "Xtracon Chess Open 2016"]
[Site "Elsinore"]
[Date "2016.07.31"]
[Round "10.47"]
[White "Roder, Peter"]
[Black "Dahl, Trygve"]
[Result "0-1"]
[WhiteElo "2056"]
[BlackElo "2233"]
[PlyCount 660"]
[EventDate "2016.07.23"]

1. Nf3 e6 2. g3 f5 3. Bg2 Nf6 4. c4 Be7 5. O-O O-O 6. Nc3 d6 7. b3 Nc6 8. Bb2
Qe8 9. d4 e5 10. dxe5 dxe5 11. Nd5 Bd8 12. Ba3 Rf7 13. Ng5 Rd7 14. Nxf6+ gxf6
15. Bd5+ Kg7 16. Nf3 Ne7 17. Qc2 Ng6 18. Nd2 e4 19. Nxe4 fxe4 20. Bxe4 Be7 21.
Bb2 Bc5 22. Bg2 c6 23. Rad1 Rxd1 24. Rxd1 Bg4 25. Kf1 Rd8 26. Rxd8 Qxd8 27. h3
Be6 28. Kg1 Bd4 29. Bc1 Bc5 30. Kf1 Qd7 31. h4 Bf5 32. e4 Bg4 33. f3 Qd4 0-1

[Event "Xtracon Chess Open 2016"]
[Site "Elsinore"]
[Date "2016.07.31"]
[Round "10.48"]
[White "Ranaldi, Lucas"]
[Black "Skjoldager, Mikael"]
[Result "1-0"]
[WhiteElo "2228"]
[BlackElo "2054"]
[PlyCount "83"]
[EventDate "2016.07.23"]

1. d4 Nf6 2. Bg5 e6 3. Nd2 h6 4. Bh4 c5 5. e3 b6 6. Ngf3 Bb7 7. Bd3 Be7 8. c3
O-O 9. O-O d5 10. Ne5 Nbd7 11. f4 Re8 12. Qe2 a6 13. Rae1 b5 14. Bb1 c4 15. g4
Nxe5 16. fxe5 Nh7 17. Bxe7 Qxe7 18. Nf3 Bc6 19. Qc2 Nf8 20. Re2 Reb8 21. Rg2
Be8 22. h4 g6 23. h5 g5 24. Nd2 a5 25. Rf6 Kg7 26. e4 Rb7 27. exd5 exd5 28.
Rgf2 b4 29. Nf1 bxc3 30. Ne3 Qb4 31. Nf5+ Kg8 32. Nxh6+ Kg7 33. Qf5 cxb2 34.
Qxg5+ Ng6 35. Nf5+ Kg8 36. hxg6 fxg6 37. Nd6 Qe1+ 38. Kh2 Rh7+ 39. Kg3 Qxb1 40.
Rf8+ Kg7 41. Qf6+ Kh6 42. Rh2# 1-0

[Event "Xtracon Chess Open 2016"]
[Site "Elsinore"]
[Date "2016.07.31"]
[Round "10.49"]
[White "Ramsdal, Jens Albert"]
[Black "Svane, Frederik"]
[Result "1-0"]
[WhiteElo "2204"]
[BlackElo "2044"]
[PlyCount "131"]
[EventDate "2016.07.23"]

1. e4 c5 2. Nf3 e6 3. d4 cxd4 4. Nxd4 a6 5. c4 Nf6 6. Bd3 Qb6 7. Nb3 Qc7 8. O-O
Be7 9. Nc3 b6 10. Be3 Bb7 11. f3 d6 12. a4 Nc6 13. Qd2 Nd7 14. Rfc1 Nce5 15.
Bf1 Nxc4 16. Bxc4 Qxc4 17. Nb5 axb5 18. Rxc4 bxc4 19. Nd4 O-O 20. Nb5 Nc5 21.
Bxc5 bxc5 22. Nxd6 Rfd8 23. e5 Bxd6 24. exd6 Bd5 25. Qf4 Rd7 26. a5 Rad8 27. a6
Rxd6 28. a7 Ba8 29. Qxc4 h6 30. Qxc5 Rc6 31. Qe7 Rcc8 32. b4 Rd2 33. Qh4 Rcc2
34. Qg3 e5 35. h4 Kh7 36. Qg4 g6 37. Ra6 h5 38. Qg5 e4 39. Rf6 Kg8 40. Rb6 Kh7
41. Rb5 Bc6 42. Qe5 Rxg2+ 43. Kh1 Rh2+ 44. Qxh2 exf3 45. Qxc2 f2+ 46. Kh2 f1=Q
47. Qxc6 Qf2+ 48. Kh3 Qe3+ 49. Kg2 Qe2+ 50. Kg3 Qe1+ 51. Kf4 Qxh4+ 52. Ke5 Qe7+
53. Kd5 Qxa7 54. Rb7 Qa2+ 55. Kc5 Qf2+ 56. Kb5 h4 57. Qd5 Qe2+ 58. Kc6 Qe8+ 59.
Kb6 Qe3+ 60. Kc7 Qf4+ 61. Kd8 Kg7 62. Ke8 Kh6 63. Qxf7 Qe4+ 64. Kf8 h3 65. Qh7+
Kg5 66. Qe7+ 1-0

[Event "Xtracon Chess Open 2016"]
[Site "Elsinore"]
[Date "2016.07.31"]
[Round "10.50"]
[White "Walton, Alan J"]
[Black "Skou, Niels"]
[Result "1-0"]
[WhiteElo "2201"]
[BlackElo "2011"]
[PlyCount "83"]
[EventDate "2016.07.23"]

1. d4 d5 2. c4 e6 3. Nc3 Bb4 4. a3 Bxc3+ 5. bxc3 Nf6 6. Bg5 h6 7. Bh4 O-O 8. e3
b6 9. Bd3 Bb7 10. f3 Nbd7 11. Ne2 c5 12. O-O Qc7 13. cxd5 exd5 14. a4 Rfe8 15.
Qd2 Qd6 16. Bf2 Nf8 17. Ng3 Ng6 18. a5 Qc7 19. axb6 axb6 20. Rxa8 Bxa8 21. Rb1
Bc6 22. Qb2 Nd7 23. Qc2 Qd6 24. Bf5 Ngf8 25. e4 Ne6 26. exd5 Bxd5 27. c4 Bb7
28. d5 Nef8 29. Be4 g6 30. Qd2 Kg7 31. Be3 h5 32. Bh6+ Kg8 33. Bxf8 Qxf8 34.
Qf4 f5 35. Bxf5 gxf5 36. Nxh5 Kh7 37. Qc7 Bc8 38. Rxb6 Re7 39. Re6 Rf7 40. Qf4
Kh8 41. Qe3 Kh7 42. Re8 1-0